000 00251nam a2200097Ia 4500
001 696217
005 20250826162008.0
008 250824s9999 xx 000 0 und d
245 0 _aÖLÜ BİR KELEBEK/S.İLERİ/EVEREST
_cSELİM İLERİ
260 _bEVEREST
999 _c696217
_d696217